000 00393nam a22001577a 4500
005 20230111132452.0
008 221220b |||||||| |||| 00| 0 eng d
041 _aeng
082 _a345.4-DES-C
100 _aDESHPANDE ,S.W.AND GANDHI ,NILESH
_97427
245 _aCOSMETIC RULES ,2020
260 _bSUMIT PUBLISHERS
300 _a70;P.
650 _aPHARMACY
_xD.PHARMA
_97090
942 _cBK
999 _c8166
_d8164